000 00334nam a2200145Ia 4500
008 240624s9999 xx 000 0 und d
041 _aeng
082 _a302.35 SEN
100 _aSENIOR BARBARA
245 _aORGANIZATIONAL CHANGE
250 _a(4th ed.)
260 _c2010
_aHarlow
_bPearson
300 _a432 : p.
365 _c
_b28
999 _c28035
_d28035